00927nam a22002177a 450000500170000000800410001704000270005804100080008504400070009311000330010024501790013326000510031230000700036350400400043365000570047365000150053065000220054565100470056771000730061471000220068720200211121946.0200211b xxu||||| |||| 00| 0 spa d aCO-BoIAVH cCO-BoIAVH  aspa ack aAlcaldía Mayor de Bogotá aHabitar y construir un viaje por el territorio de la Bogotá ruralcAlcaldía Mayor de Bogotá, Empresa de Acueducto, Alcantarillado y Aseo de Bogotá y Fundación SOCYA aBogotá:bAlcaldía Mayor de Bogotá,cs.f. a44 páginas,bFotografías, ilustraciones y mapasc28 x 21.7 cm aBibliografía (páginas 43 y 44)  0aProtección del medio ambientezBogotá (Colombia) 0aPatrimonio 0aIdentidad cultura 0aBogotá (Colombia)x Condiciones rurales. aEmpresa de Acueducto, Alcantarillado y Aseo de Bogotá (EAB - ESP) aFundación SOCYA